| 000 | 00589nam a22001817a 4500 | ||
|---|---|---|---|
| 005 | 20250308114649.0 | ||
| 008 | 250308b |||||||| |||| 00| 0 eng d | ||
| 020 | _a9788131701720 | ||
| 050 | _aHF5718 CHA | ||
| 100 | _aChaturvedi P. D. | ||
| 245 |
_aBusiness Communication _bConcepts, Cases and Applications _cP. D. Chaturvedi & Mukesh Chaturvedi |
||
| 260 |
_aHarlow _bDorling Kindersley (India) Pvt. Ltd./Pearson Education Ltd. _c2006 |
||
| 300 |
_axvi. 500p. _bill. _c23 cm |
||
| 500 | _aIncludes Index | ||
| 650 | _2Communication | ||
| 700 | _aChaturvedi Mukesh | ||
| 942 |
_2lcc _cBK _n0 |
||
| 999 |
_c4585 _d4585 |
||